000 00608nam a2200181Ia 4500
008 100921s9999 xx 000 0 und d
082 _b29689
_a891.463 थ 97
100 _aबेडेकर विश्राम.
245 _aरणांगण.
260 _bदेशमुख आणि कंपनी,पुणे.
_c1997
300 _a102
_bरसिक साहित्य,पुणे
365 _b75
520 _aललित-कादंबरी.
630 _aरणांगण.
650 _aललित-कादंबरी.
730 _aरणांगण.
942 _cBOOK
999 _c778802
_d778799